Transnational Ties : (Record no. 67213)
[ view plain ]
| 000 -LEADER | |
|---|---|
| fixed length control field | 01544nam a2200253Ii 4500 |
| 008 - FIXED-LENGTH DATA ELEMENTS--GENERAL INFORMATION | |
| fixed length control field | 221202s xx 000 0 und d |
| 245 #0 - TITLE STATEMENT | |
| Title | Transnational Ties : |
| Remainder of title | Australian Lives in the World |
| 264 #1 - PRODUCTION, PUBLICATION, DISTRIBUTION, MANUFACTURE, AND COPYRIGHT NOTICE | |
| Place of production, publication, distribution, manufacture | Canberra |
| Name of producer, publisher, distributor, manufacturer | ANU Press |
| Date of production, publication, distribution, manufacture, or copyright notice | 2008 |
| 300 ## - PHYSICAL DESCRIPTION | |
| Extent | 1 online resource |
| 336 ## - CONTENT TYPE | |
| Content type term | text |
| Content type code | txt |
| Source | rdacontent |
| 337 ## - MEDIA TYPE | |
| Media type term | computer |
| Media type code | c |
| Source | rdamedia |
| 338 ## - CARRIER TYPE | |
| Carrier type term | online resource |
| Carrier type code | cr |
| Source | rdacarrier |
| 520 ## - SUMMARY, ETC. | |
| Summary, etc. | Australian lives are intricately enmeshed with the world, bound by ties of allegiance and affinity, intellect and imagination. In Transnational Ties: Australian Lives in the World, an eclectic mix of scholars—historians, literary critics, and museologists—trace the flow of people that helped shape Australia’s distinctive character and the flow of ideas that connected Australians to a global community of thought. It shows how biography, and the study of life stories, can contribute greatly to our understanding of such patterns of connection and explores how transnationalism can test biography’s limits as an intellectual, professional and commercial practice. |
| 653 ## - INDEX TERM--UNCONTROLLED | |
| Uncontrolled term | Australia |
| 653 ## - INDEX TERM--UNCONTROLLED | |
| Uncontrolled term | Biography |
| 653 ## - INDEX TERM--UNCONTROLLED | |
| Uncontrolled term | Cosmopolitanism |
| 653 ## - INDEX TERM--UNCONTROLLED | |
| Uncontrolled term | Ethnology |
| 653 ## - INDEX TERM--UNCONTROLLED | |
| Uncontrolled term | Internationalism |
| 700 1# - ADDED ENTRY--PERSONAL NAME | |
| Personal name | Deacon, Desley |
| 700 1# - ADDED ENTRY--PERSONAL NAME | |
| Personal name | Russell, Penny |
| 700 1# - ADDED ENTRY--PERSONAL NAME | |
| Personal name | Woollacott, Angela |
| 856 ## - ELECTRONIC LOCATION AND ACCESS | |
| Uniform Resource Identifier | <a href="https://library.oapen.org/bitstream/20.500.12657/33599/1/459758.pdfhttp://epress.anu.edu.au/titles/anu-lives-series-in-biography/transnational_citationhttp://library.oapen.org/handle/20.500.12657/33599">https://library.oapen.org/bitstream/20.500.12657/33599/1/459758.pdfhttp://epress.anu.edu.au/titles/anu-lives-series-in-biography/transnational_citationhttp://library.oapen.org/handle/20.500.12657/33599</a> |
| 942 ## - ADDED ENTRY ELEMENTS (KOHA) | |
| Koha item type | E-Book |
| Withdrawn status | Damaged status | Not for loan | Home library | Current library | Date acquired | Total Checkouts | Date last seen | Price effective from | Koha item type |
|---|---|---|---|---|---|---|---|---|---|
| Directory of Open Access Books | Directory of Open Access Books | 11/28/2022 | 11/28/2022 | 11/28/2022 | E-Book |